Geography by Picture - H - Statistics

General Stats
  • This quiz has been taken 58,087 times
    58,047 since last reset
  • The average score is 11 of 18
Answer Stats
Picture Hint Answer % Correct
state Hawaii
95%
mountain range Himalayas
92%
country Hungary
88%
country Haiti
86%
city Hong Kong
83%
capital city Havana
76%
dam Hoover Dam
75%
city Houston
71%
ancient wall {Hadrian}'s Wall
64%
lake Huron
63%
city / state Hamburg
60%
river (in yellow) Hudson
55%
former church Hagia Sophia
51%
capital city Helsinki
46%
island Hokkaido
42%
city Hiroshima
33%
island Hainan
32%
natural feature {Horseshoe} Bend
31%
No matching quizzes found
Score Distribution
Percent of People with Each Score
Percentile by Number Answered
Your Score History
You have not taken this quiz since the last reset